Assessment for learning

محفوظ في:
التفاصيل البيبلوغرافية
المؤلف الرئيسي: Berry, Rita
مؤلف مشترك: ebrary, Inc
التنسيق: الكتروني كتاب الكتروني
اللغة:الإنجليزية
منشور في: Hong Kong : Hong Kong University Press, c2008.
سلاسل:Hong Kong teacher education.
الموضوعات:
الوصول للمادة أونلاين:An electronic book accessible through the World Wide Web; click to view
الوسوم: إضافة وسم
لا توجد وسوم, كن أول من يضع وسما على هذه التسجيلة!

MARC

LEADER 00000nam a2200000Ia 4500
001 ebr10358929
003 CaPaEBR
006 m u
007 cr cn|||||||||
008 080916s2008 cc a sb 001 0 eng d
020 |z 9789622099579 (pbk.) 
040 |a CaPaEBR  |c CaPaEBR 
035 |a (OCoLC)650858337 
050 1 4 |a LB3051  |b .B47 2008eb 
100 1 |a Berry, Rita. 
245 1 0 |a Assessment for learning  |h [electronic resource] /  |c Rita Berry. 
260 |a Hong Kong :  |b Hong Kong University Press,  |c c2008. 
300 |a viii, 209 p. :  |b ill. 
490 1 |a Hong Kong teacher education 
504 |a Includes bibliographical references and index. 
533 |a Electronic reproduction.  |b Palo Alto, Calif. :  |c ebrary,  |d 2011.  |n Available via World Wide Web.  |n Access may be limited to ebrary affiliated libraries. 
650 0 |a Educational tests and measurements. 
650 0 |a Students  |x Rating of. 
655 7 |a Electronic books.  |2 local 
710 2 |a ebrary, Inc. 
830 0 |a Hong Kong teacher education. 
856 4 0 |u http://site.ebrary.com/lib/daystar/Doc?id=10358929  |z An electronic book accessible through the World Wide Web; click to view 
999 |c 191620  |d 191620